000 01038nam a2200313 i 4500
003 EG-GICUC
005 20260415093420.0
008 260415s1864 Fr |||fr|||| 00| 0 fre d
040 _aEG-GiCUC
_bfre
_cEG-GiCUC
_dEG-GiCUC
_eRda
082 0 4 _221
_a343.101
_bFR . P
092 0 4 _221
099 _aLaw1 10 343.101 FR . P 1864
100 1 _aFranck, Ad
_eAuteur
245 1 0 _aPhilosophie Du Droit Pénal /
_cPar Ad Franck.
264 1 _aParis :
_bGermer Baillière, Libraire-édite,
_c1864.
264 1 _aLonders :
_bHipp. Bailliere,
264 1 _aNew York :
_bBailliere brothers,
264 3 _aParis :
_bImprimerie De E. Martinet
300 _a248 page;
_c 24 cm.
336 _2rda contenu
_a texte
337 _2rda medias
_aOrdinateur
338 _2 transporteur rda
_a Ressource en ligne
650 1 _aDroit Pénal Général
_xPhilosoPhie et Theories
_2qrmak
650 1 _aDroit Do Pénal
_2qrmak
651 1 _2qrmak
856 4 0 _uhttps://fll.law.cu.edu.eg/fulltext/bks/B10-09290.pdf
905 _a54
942 _2ddc
_cBK
_e21
_n0
999 _c70998
_d70998